00294 a2200109 4500020001500000082001500015100001800030245006000048260003300108300002200141650002100163 a969519088X a297.63 LIN aLings, Martin aMuhammad His life on the Earliest SourcescMartin Lings aLahorebSuhail Academyc2005 avi, 361p.c23 cm. aMuhammad -- Life